00000000nam##2200000za#4500
0019.625465
003CaOODSP
00520200706134926
007ta
008150406|2000||||xxc|||||     f|0| 0 fre|d
020 |a0-660-96420-1
022 |a1200-5231
040 |aCaOODSP|bfre
043 |an-cn---
0861 |aCS11-0019/141F
24500|aPassage des études au travail chez les diplômés des universités canadiennes : |bdurée de recherche d'un premier emploi, 1982-1990 / |cpar Julian Betts, Christopher Ferrall et Ross Finnie.
260 |aOttawa - Ontario : |bStatistique Canada. |c2000.
300 |a24p. : |bfigures, références, tableaux ; |c28 cm.
4901 |aDocuments de recherche|x1200-5231|vN° 141
500 |a«Il importe de comprendre ce stade de la carrière des gens pour plusieurs raisons. Premièrement, les études universitaires représentent un investissement long et coûteux. Les variations de la durée de recherche d'un emploi stable après les études ont des effets immédiats sur la rétribution de l'éducation et peuvent donc présenter des conséquences à long terme sur le plan de l'accumulation des compétences. Deuxièmement, comme les jeunes ont une activité plus instable sur le marché du travail, leur expérience peut être l'écho amplifié des tendances générales qui influent sur l'ensemble de la main-d'oeuvre... Enfin, comme l'acquisition d'un grade universitaire semble devoir radicalement modifier les perspectives qui s'offrent aux gens sur le marché du travail, les taux de chômage et autres statistiques globales qui livrent des moyennes pour les classes nouvelles et anciennes de diplômés ne rendent pas suffisamment compte de l'expérience que vivent les gens après l'obtention du diplôme. Une analyse de durée sera donc particulièrement utile à quiconque veut comprendre le phénomène du passage des études au travail.»--Introduction.
5203 |aIl importe de comprendre ce stade de la carrière des gens pour plusieurs raisons. Premièrement, les études universitaires représentent un investissement long et coûteux. Les variations de la durée de recherche d'un emploi stable après les études ont des effets immédiats sur la rétribution de l'éducation et peuvent donc présenter des conséquences à long terme sur le plan de l'accumulation des compétences. Deuxièmement, comme les jeunes ont une activité plus instable sur le marché du travail, leur expérience peut être l'écho amplifié des tendances générales qui influent sur l'ensemble de la main-d'oeuvre... Enfin, comme l'acquisition d'un grade universitaire semble devoir radicalement modifier les perspectives qui s'offrent aux gens sur le marché du travail, les taux de chômage et autres statistiques globales qui livrent des moyennes pour les classes nouvelles et anciennes de diplômés ne rendent pas suffisamment compte de l'expérience que vivent les gens après l'obtention du diplôme. Une analyse de durée sera donc particulièrement utile à quiconque veut comprendre le phénomène du passage des études au travail.--Introduction
563 |aCouverture souple
590 |a01-01|b2001-01-05
7102 |aStatistique Canada. |bDirection des études analytiques.
7201 |aFinnie, Ross
7201 |aBetts, Julian
7201 |aFerrall, Christopher
77508|tThe transition to work for Canadian university graduates : |w(CaOODSP)9.615368
7760#|tPassage des études au travail chez les diplômés des universités canadiennes : |w(CaOODSP)9.604392
830#0|aDocuments de recherche,|x1200-5231|vN° 141|w(CaOODSP)9.512877